Barbie in The 12 Dancing Princesses - Characters by Picture - Statistics

General Stats
  • This quiz has been taken 112 times
  • The average score is 13 of 26
Answer Stats
Picture Answer % Correct
Genevieve
91%
Lacey
80%
Derek
79%
Courtney
78%
Fallon
74%
Isla
74%
Blair
73%
Delia
72%
Duchess Rowina
69%
Janessa
68%
Hadley
65%
Kathleen
65%
Ashlyne
63%
Edeline
59%
Twyla
47%
Brutus
38%
Desmond
32%
Felix
30%
Mr Fabian
23%
Harold
22%
Richard
19%
Royal Doctor
19%
Thomas
15%
Royal Butler
11%
King Randolf
10%
Ambassador of Bulovia
6%
No matching quizzes found
Score Distribution
Percent of People with Each Score
Percentile by Number Answered
Your Score History
You have not taken this quiz